LEADER 00978nam a2200265 i 4500 001 991002596589707536 005 20020508202927.0 008 010704s1978 it ||| | ita 035 $ab11033289-39ule_inst 035 $aPARLA165686$9ExL 040 $aDip.to Filosofia$bita 082 0 $a193 100 1 $aPenzo, Giorgio$0159259 245 10$aDialettica e fede in Karl Jaspers /$cGiorgio Penzo 260 $aBologna :$bPatron,$c1978 300 $a377 p. :$b1 ritr. ;$c21 cm. 500 $aNell'occhio: Centro di studi filosofici di Gallarate 500 $aPubbl. precedentemente con il tit.: Essere e Dio in Karl Jaspers 650 4$aJaspers, Karl 907 $a.b11033289$b21-09-06$c28-06-02 912 $a991002596589707536 945 $aLE005IF X H 20$g1$iLE005IFA-13285$lle005$o-$pE0.00$q-$rl$s- $t0$u0$v0$w0$x0$y.i11154688$z28-06-02 996 $aDialettica e fede in Karl Jaspers$989565 997 $aUNISALENTO 998 $ale005$b01-01-01$cm$da $e-$fita$git $h0$i1 LEADER 05814nam 2200781 a 450 001 9911019713603321 005 20251116170432.0 010 $a1-118-55746-8 010 $a1-299-31844-4 010 $a0-470-39408-0 035 $a(CKB)2560000000100704 035 $a(EBL)700700 035 $a(SSID)ssj0000853965 035 $a(PQKBManifestationID)11449436 035 $a(PQKBTitleCode)TC0000853965 035 $a(PQKBWorkID)10885196 035 $a(PQKB)10559337 035 $a(MiAaPQ)EBC700700 035 $a(iGPub)WILEYB0011791 035 $a(OCoLC)841171108 035 $a(EXLCZ)992560000000100704 100 $a20080404d2008 uy 0 101 0 $aeng 135 $aur|n|---||||| 181 $ctxt 182 $cc 183 $acr 200 10$aInternational Conference on Heavy Vehicles $eHVParis 2008 : heavy vehicle transport technology (HVTT 10) /$fedited by Bernard Jacob ... [et al.] 205 $a1st ed. 210 $aLondon $cISTE ;$aHoboken, N.J. $cWiley$d2008 215 $a1 online resource (598 p.) 225 1 $aISTE ;$vv.60 300 $aConference held May 19-22, 2008 in Paris and combines conferences ICWIM 5 and HVTT 10 sponsored by Laboratoire central des ponts et chaussees and other organizatios. 311 08$a1-84821-058-2 320 $aIncludes bibliographical references and index. 327 $aCover; International Conference on Heavy Vehicles HVParis 2008; Title Page; Copyright Page; Table of Contents; Foreword 1; Avant-Propos 1; Foreword 2; Avant-Propos 2; Preface (in English); Pre?face (en franc?ais); International Forum for Road Transport Technology; International Society for Weigh-in-Motion; Panel Discussion; Plenary Session; The EU's rules on weights and dimensions and the realities of sustainable mobility; A history of freight transport prior to the modern truck; Intelligent freight; Measures promoting intermodal transport as an alternative to pure road transport 327 $aSession 1. Performance Based StandardsAn initiative to introduce a performance-based standards (pbs) approach for heavy vehicule design and operations in South Africa; A discussion of the high-speed offtracking perfromance standard; Development of an innovative steerable double extendable trailer under performance based standard (pbs); Session 2. European Modular Concept; Working group on longer and heavier goods vehicles: A multidisciplinary approach to the issue; Experiences with longer and heavier vehicles in the Netherlands 327 $aDriving dynamics and stability issues of the European road train conceptsSession 3. Vehicle Road Interaction; Pavement building costs allocation to HGV comparison betwwen the French case and the eurovignette directive recommendations; A brief review of tyre-pavement interaction and an insight on new regulation on tyre rolling resistance in Europe; Effect of axle configurations on fatigue and faulting of concrete pavements; The danger of ramps for heavy goods vehicles; A new vehicle-pavement interaction test facility at BASt 327 $aSteady state flow algorithm for modeling the impact of trucks on roadHow can the binder properties influence the road surface durability? An advanced method based on the bearing ration curve; Session 4. Safety; Rollover crash analysis of a road tanker with self-steer axles; Oversize/overweight commercial vehicle safety; Heavy vehicle driver involvment in road safety and multiple vehicle accidents in Bangladesh; Crash compatibility between heavy goods vehicles and passenger cars: structural interaction analysis and in-depth accident analysis 327 $aImprovement of safety barriers on German bridges - results of impact test with heavy lorriesRollover risk prevention of heavy vehicles by reliability-based analysis; Analysis of heavy truck accidents with regard to yaw and roll instability - using LTCSS database; Relationship between road infrastructure characterisitcs and HGV accidents; Session 5. Routing; Heavyroute - intelligent route guidance for heavy vehicles; Australia's intelligent access program; Methodology and effects of heavy goods vehicle transport management in urban areas 327 $aA generic software architecture for a driver information system to organize and operate truck platoons 330 $aThis reference collects the latest information from the International Conference on Heavy Vehicles, specifically as it relates to Heavy Vehicle Transport Technology.? Among the topics detailed are: interactions between heavy vehicles or trains and the infrastructure, environment and other system users; heavy vehicle and road management information-measurements, data quality, data management; freight mobility and safety; vehicle classification, size and weight evaluation, regulations, and enforcement; and traffic and road safety. 410 0$aISTE 517 3 $aProceedings of the International Conference on Heavy Vehicles 606 $aTrucks$vCongresses 606 $aTrucking$xEquipment and supplies$vCongresses 606 $aElectronic weighing systems$vCongresses 606 $aMotor vehicle scales$vCongresses 606 $aPavements$vCongresses 606 $aBridges$vCongresses 606 $aCargo holds$vCongresses 615 0$aTrucks 615 0$aTrucking$xEquipment and supplies 615 0$aElectronic weighing systems 615 0$aMotor vehicle scales 615 0$aPavements 615 0$aBridges 615 0$aCargo holds 676 $a629.224 701 $aJacob$b Bernard$f1954-$01340593 712 02$aLaboratoire central des ponts et chausse?es. 801 0$bMiAaPQ 801 1$bMiAaPQ 801 2$bMiAaPQ 906 $aBOOK 912 $a9911019713603321 996 $aInternational Conference on Heavy Vehicles$94416173 997 $aUNINA